Statistics for Colin Firth Filmography

Click here to take the quiz!

General Stats

  • This quiz has been taken 82 times
    (18 since last reset)
  • The average score is 36 of 93

Answer Stats

Type Year Name % Correct
Film2010The King's Speech
94%
Film2004Bridget Jones: The Edge of Reason
94%
Film2003Love Actually
94%
Film2001Bridget Jones's Diary
94%
TV Mini-Series1995Pride and Prejudice
88%
Film2016Bridget Jones's Baby
88%
Film2014Kingsman: The Secret Service
75%
Film2018Mamma Mia! Here We Go Again
69%
Film2005Nanny McPhee
69%
Film2017Kingsman: The Golden Circle
69%
Film2002The Importance of Being Earnest
69%
TV Film1987The Secret Garden
69%
Film2008Mamma Mia!
69%
Film2009A Single Man
69%
Film2003What a Girl Wants
63%
Film2007St Trinian's
63%
Film2018Mary Poppins Returns
63%
Film2003Girl with a Pearl Earring
63%
Film1998Shakespeare in Love
56%
Film2009St Trinian's 2: The Legend of Fritton's Gold
56%
Film2011Tinker Tailor Soldier Spy
56%
Film2018The Happy Prince
56%
Film20191917
56%
Film2013Arthur Newman
50%
Film1989Valmont
50%
Film2014Before I Go to Sleep
44%
Film2013The Railway Man
44%
Film2009A Christmas Carol
44%
Film2014Magic in the Moonlight
44%
Film2008Genova
44%
Film1996The English Patient
44%
Film1997Fever Pitch
44%
TV Mini-Series1997Nostromo
44%
Film2007And When Did You Last See Your Father?
44%
Film2017The Mercy
38%
TV Short2017Red Nose Day Actually
38%
Film2012Gambit
38%
TV Film2006Born Equal
38%
Film2008Easy Virtue
38%
Film2003Hope Springs
38%
Production2016Loving
31%
Film2018Kursk
31%
Film2013Devil's Knot
31%
Theater1983Another Country
31%
FilmTBASupernova
31%
TV Show1984Crown Court
31%
Film19851919
31%
Film1989Apartment Zero
25%
Film1994Playmaker
25%
Film1993The Hour of the Pig
25%
Theater1993Chatsky
25%
TV Play1991Out of the Blue
25%
Film1990Wings of Fame
25%
TV Film1988Tumbledown
25%
Production2015Eye in the Sky
25%
Film2009Dorian Gray
25%
TV Special1987Pat Hobby: Teamed with Genius
25%
TV Mini-Series1986Lost Empires
25%
TV Film1985Dutch Girls
25%
TV Film1984Camille
25%
FilmTBAOperation Mincemeat
25%
TV Play1994The Deep Blue Sea
25%
TV Film2001Fourplay
25%
Film1995Circle of Friends
25%
Film2007Then She Found Me
25%
TV Film2001Conspiracy
25%
Film2000Relative Values
25%
TV Film1999The Turn of the Screw
25%
Film2004Trauma
25%
Film2005Where the Truth Lies
25%
Film1999The Secret Laughter of Women
25%
TV Play1995The Widowing of Mrs. Holroyd
25%
Film1999My Life So Far
25%
Film2007The Last Legion
25%
Film2010Main Street
25%
Film1997A Thousand Acres
25%
Short Film1999Blackadder: Back & Forth
25%
Documentary2007In Prison My Whole Life
25%
Theater1999Three Days of Rain
25%
TV Film1992Hostages
19%
Film2016Genius
19%
TV Film1999Donovan Quick
19%
Short Film2010Steve
19%
TV Film1994Master of the Moor
19%
Film1987A Month in the Country
13%
TV Film2001We Know Where You Live
6%
Theater1991The Caretaker
6%
Theater1985The Lonely Road
6%
Theater1984The Doctor's Dilemma
6%
Film1991Femme Fatale
6%
Theater1987Desire Under the Elms
6%

Score Distribution

Percentile by Number Answered

Percent of People with Each Score

Your Score History

You have not taken this quiz since the last reset